书目信息 |
| 题名: |
陈龙川传
|
|
| 作者: | 邓广铭 著 | |
| 分册: | ||
| 出版信息: | 北京 生活·读书·新知三联书店 2007.03 |
|
| 页数: | 195页 | |
| 开本: | 22cm | |
| 丛书名: | 邓广铭宋史人物书系 | |
| 单 册: | ||
| 中图分类: | B244.915 | |
| 科图分类: | ||
| 主题词: | ||
| 电子资源: | ||
| ISBN: | 978-7-108-02650-7 | |
| 000 | 00879nam 2200253 450 | |
| 001 | 012008699856 | |
| 005 | 20080420093914.25 | |
| 010 | @a978-7-108-02650-7@dCNY16.00 | |
| 100 | @a20080420d2007 em y0chiy0120 ea | |
| 101 | 0 | @achi |
| 102 | @aCN@b110000 | |
| 105 | @aa z 000yd | |
| 106 | @ar | |
| 200 | 1 | @a陈龙川传@Achen long chuan chuan@f邓广铭著@Fdeng guang ming zhu |
| 210 | @a北京@c生活·读书·新知三联书店@d2007.03 | |
| 215 | @a195页@c图@d22cm | |
| 225 | 2 | @a邓广铭宋史人物书系@Adeng guang ming song shi ren wu shu xi |
| 330 | @a本书记述了陈亮一特立独行,挺身而出,负荷时代使命,独当救亡大任,但终因其清醒热烈而困顿蹉跌的一生。 | |
| 410 | 0 | @12001 @a邓广铭宋史人物书系 |
| 600 | 0 | @a陈亮,@Achen liang@f1143-1194@x生平事迹 |
| 690 | @aB244.915@v4 | |
| 701 | 0 | @a邓广铭@Adeng guang ming@4著 |
| 801 | 0 | @aCN@bQSSK@c20080420 |
| 905 | @b295382-84@dB244.915@eD284@f3 | |
| 陈龙川传/邓广铭著.-北京:生活·读书·新知三联书店,2007.03 |
| 195页:图;22cm.-(邓广铭宋史人物书系) |
| ISBN 978-7-108-02650-7:CNY16.00 |
| 本书记述了陈亮一特立独行,挺身而出,负荷时代使命,独当救亡大任,但终因其清醒热烈而困顿蹉跌的一生。 |
| ● |
| 相关链接 |
|
|
|
正题名:陈龙川传
索取号:B244.915/D284
 
预约/预借
| 序号 | 登录号 | 条形码 | 馆藏地/架位号 | 状态 | 备注 |
| 1 | 295382 | 202953820 | 社科库509/509社科库 14排4列4层/ [索取号:B244.915/D284] | 在馆 | |
| 2 | 295383 | 202953839 | 社科库509/509社科库 14排4列4层/ [索取号:B244.915/D284] | 在馆 | |
| 3 | 295384 | 202953848 | 社科库509/509社科库 14排4列4层/ [索取号:B244.915/D284] | 在馆 |